00426nam a2200169Ia 4500003000400000008004100004040001600045082001300061100002000074245005200094260003200146300001000178650001500188650001200203650001900215650002200234GCL140319s9999 xx 000 0 eng d aGCL / cGCL04a843bG A1 aGIRAUDOUX, JEAN10aAMPHITRYON 38 ANPHITRYON 39 / cGIRAUDOUX, JEAN a[S.N] : bGRASSET ، c1984 a187 P04aLITERATURE04aFICTION04aFRENCH FICTION04aFRENCH LITERATURE